[Event "Madrid-chT 2223"]
[Site "Madrid"]
[Date "2023.01.15"]
[Round "5.3"]
[White "Alfaya Marcelo, Roberto"]
[Black "Perez Gonzalez, Jose Manuel"]
[Result "0-1"]
[WhiteElo "2252"]
[BlackElo "2198"]
[PlyCount "86"]
[EventDate "2022.11.20"]
[EventType "team-tourn"]
[EventRounds "14"]
[EventCountry "ESP"]
[SourceTitle "Ajedrez en Madrid"]
[Source "lmi"]
[SourceDate "2022.11.21"]
[SourceVersion "1"]
[SourceVersionDate "2023.03.23"]
[SourceQuality "1"]
[WhiteTeam "San Sebastian de los Reyes"]
[BlackTeam "San Fernando de Henares"]
[WhiteTeamCountry "ESP"]
[BlackTeamCountry "ESP"]

1. d4 g6 2. c4 Nf6 3. Nc3 Bg7 4. e4 d6 5. Be2 O-O 6. Be3 c5 7. d5 b5 8. cxb5 a6
9. a4 Qa5 10. Bd2 axb5 11. Nxb5 Qb6 12. Qc2 Ba6 13. Nf3 Bxb5 14. Bxb5 Qxb5 15.
axb5 Rxa1+ 16. Bc1 Nxe4 17. O-O Nf6 18. Rd1 Nbd7 19. Nd2 Rb8 20. Nb3 Ra4 21.
Qe2 Kf8 22. Bd2 Rba8 23. Bc3 Nb6 24. g3 Nfxd5 25. Bxg7+ Kxg7 26. Nd2 Rb4 27.
Ne4 Ra2 28. Rd2 Kf8 29. Kg2 Ra5 30. h4 h5 31. Qf3 Raxb5 32. Ng5 Nf6 33. Rxd6
Rb3 34. Rd8+ Kg7 35. Qe2 Nbd5 36. Qc4 R3b4 37. Qa2 Rxb2 38. Qa8 Ne3+ 39. Kh3
Neg4 40. Rh8 Nxf2+ 41. Kg2 N2g4+ 42. Kg1 Rb1+ 43. Kg2 R5b2+ 0-1

[Event "Madrid-chT 2223"]
[Site "Madrid"]
[Date "2023.01.15"]
[Round "5.4"]
[White "Jimenez Lopez, Antonio"]
[Black "Quevedo Marin, Manuel"]
[Result "1-0"]
[WhiteElo "2197"]
[BlackElo "2165"]
[PlyCount "73"]
[EventDate "2022.11.20"]
[EventType "team-tourn"]
[EventRounds "14"]
[EventCountry "ESP"]
[SourceTitle "Ajedrez en Madrid"]
[Source "lmi"]
[SourceDate "2022.11.21"]
[SourceVersion "1"]
[SourceVersionDate "2023.03.23"]
[SourceQuality "1"]
[WhiteTeam "San Fernando de Henares"]
[BlackTeam "San Sebastian de los Reyes"]
[WhiteTeamCountry "ESP"]
[BlackTeamCountry "ESP"]

1. e4 e5 2. Nf3 Nc6 3. d4 exd4 4. Nxd4 Nf6 5. Nxc6 bxc6 6. e5 Qe7 7. Qe2 Nd5 8.
c4 Ba6 9. Nd2 g6 10. Qe4 Nb6 11. b3 Bg7 12. Bb2 d5 13. cxd5 cxd5 14. Qf4 Bxf1
15. Kxf1 O-O 16. Re1 c5 17. h4 a5 18. h5 a4 19. Nf3 axb3 20. axb3 Ra2 21. Bc1
Qe6 22. Qh4 Ra1 23. Ng5 Qf5 24. Nxh7 Re8 25. hxg6 fxg6 26. Nf6+ Kf7 27. Nxe8
Kxe8 28. Qh3 c4 29. Qxf5 gxf5 30. Be3 Rxe1+ 31. Kxe1 Nd7 32. bxc4 Nxe5 33. cxd5
f4 34. Bc1 Nd3+ 35. Ke2 Nb4 36. Rd1 Be5 37. Kf3 1-0

[Event "Madrid-chT 2223"]
[Site "Madrid"]
[Date "2023.01.15"]
[Round "5.5"]
[White "Martinez Fernandez, Raul"]
[Black "Gallego Bergada, Antoni"]
[Result "1-0"]
[WhiteElo "2206"]
[BlackElo "2149"]
[PlyCount "59"]
[EventDate "2022.11.20"]
[EventType "team-tourn"]
[EventRounds "14"]
[EventCountry "ESP"]
[SourceTitle "Ajedrez en Madrid"]
[Source "lmi"]
[SourceDate "2022.11.21"]
[SourceVersion "1"]
[SourceVersionDate "2023.03.23"]
[SourceQuality "1"]
[WhiteTeam "San Sebastian de los Reyes"]
[BlackTeam "San Fernando de Henares"]
[WhiteTeamCountry "ESP"]
[BlackTeamCountry "ESP"]

1. e4 c5 2. Nf3 d6 3. d4 cxd4 4. Nxd4 Nf6 5. Nc3 g6 6. f3 Bg7 7. Be3 O-O 8. Qd2
Nc6 9. O-O-O d5 10. Qe1 e5 11. Nxc6 bxc6 12. exd5 Nxd5 13. Bc4 Be6 14. Ne4 f5
15. Ng5 Bc8 16. Qd2 h6 17. Nh3 Be6 18. Bxh6 Qb6 19. Bxg7 Kxg7 20. Rhe1 Rab8 21.
Bb3 Qc7 22. c4 Nb4 23. Qc3 Rfd8 24. Rxd8 Qxd8 25. Qxe5+ Kh6 26. Qe3+ Kg7 27.
Qc3+ Kf7 28. Nf4 Qg5 29. g3 Bd7 30. a3 1-0

[Event "Madrid-chT 2223"]
[Site "Madrid"]
[Date "2023.01.15"]
[Round "5.6"]
[White "Armesto Robledo, Sebastian Carlos"]
[Black "Hernandez Ramos, David"]
[Result "0-1"]
[WhiteElo "1917"]
[BlackElo "2093"]
[PlyCount "65"]
[EventDate "2022.11.20"]
[EventType "team-tourn"]
[EventRounds "14"]
[EventCountry "ESP"]
[SourceTitle "Ajedrez en Madrid"]
[Source "lmi"]
[SourceDate "2022.11.21"]
[SourceVersion "1"]
[SourceVersionDate "2023.03.23"]
[SourceQuality "1"]
[WhiteTeam "San Fernando de Henares"]
[BlackTeam "San Sebastian de los Reyes"]
[WhiteTeamCountry "ESP"]
[BlackTeamCountry "ESP"]

1. e4 e6 2. d4 d5 3. e5 c5 4. c3 Qb6 5. Nf3 Nc6 6. Bd3 Bd7 7. O-O cxd4 8. cxd4
Nxd4 9. Nbd2 Nxf3+ 10. Nxf3 Bb5 11. Be3 Bc5 12. Bxc5 Qxc5 13. Rc1 Qb6 14. Bxb5+
Qxb5 15. Nd4 Qd7 16. Qg4 g6 17. Rc3 Ne7 18. Rfc1 Rc8 19. Nb5 Rxc3 20. Nxc3 O-O
21. Ne2 Rc8 22. Rxc8+ Qxc8 23. h4 Qc2 24. h5 Qxb2 25. hxg6 hxg6 26. Nd4 Nf5 27.
Nf3 Qxa2 28. Qg5 Qa3 29. Qd8+ Qf8 30. Qc7 Qe7 31. Qb8+ Kg7 32. Qxa7 b5 33. g4
0-1

[Event "Madrid-chT 2223"]
[Site "Madrid"]
[Date "2023.01.22"]
[Round "6.1"]
[White "Candela Perez, Jose"]
[Black "Reyes Larena, Juan"]
[Result "1/2-1/2"]
[WhiteElo "2302"]
[BlackElo "2433"]
[PlyCount "42"]
[EventDate "2022.11.20"]
[EventType "team-tourn"]
[EventRounds "14"]
[EventCountry "ESP"]
[SourceTitle "Ajedrez en Madrid"]
[Source "lmi"]
[SourceDate "2022.11.21"]
[SourceVersion "1"]
[SourceVersionDate "2023.03.23"]
[SourceQuality "1"]
[WhiteTeam "Alcala de Henares"]
[BlackTeam "San Sebastian de los Reyes"]
[WhiteTeamCountry "ESP"]
[BlackTeamCountry "ESP"]

1. d4 Nf6 2. c4 g6 3. Nc3 Bg7 4. e4 d6 5. Nf3 O-O 6. Be2 Bg4 7. Be3 Na6 8. O-O
c5 9. d5 Nc7 10. Nd2 Bd7 11. f4 a6 12. a4 Rb8 13. a5 b5 14. axb6 Rxb6 15. Ra2
Qb8 16. b3 Ng4 17. Bxg4 Bxg4 18. Qc2 Bd7 19. Ra3 Qb7 20. e5 Bf5 21. Qd1 Rd8
1/2-1/2

[Event "Madrid-chT 2223"]
[Site "Madrid"]
[Date "2023.01.22"]
[Round "6.2"]
[White "Rottenwohrer Suarez, Juan"]
[Black "Fernandez Lledo, Javier"]
[Result "1/2-1/2"]
[WhiteElo "2321"]
[BlackElo "2277"]
[PlyCount "59"]
[EventDate "2022.11.20"]
[EventType "team-tourn"]
[EventRounds "14"]
[EventCountry "ESP"]
[SourceTitle "Ajedrez en Madrid"]
[Source "lmi"]
[SourceDate "2022.11.21"]
[SourceVersion "1"]
[SourceVersionDate "2023.03.23"]
[SourceQuality "1"]
[WhiteTeam "San Sebastian de los Reyes"]
[BlackTeam "Alcala de Henares"]
[WhiteTeamCountry "ESP"]
[BlackTeamCountry "ESP"]

1. Nf3 Nf6 2. c4 b6 3. g3 Bb7 4. Bg2 g6 5. O-O Bg7 6. d4 O-O 7. d5 Ne4 8. Qc2
f5 9. Ng5 Nd6 10. Nc3 a5 11. e4 Na6 12. Qe2 fxe4 13. Ngxe4 Nf5 14. Be3 Nxe3 15.
Qxe3 c6 16. Rad1 Rb8 17. b3 cxd5 18. Nxd5 Bc6 19. a4 e6 20. Ndc3 Qe7 21. Nb5
Nc5 22. Rfe1 Bxe4 23. Bxe4 Qf6 24. Bg2 Qb2 25. Rb1 Qc2 26. Qe2 Qxe2 27. Rxe2 g5
28. Be4 g4 29. Bc2 Rf3 30. Re3 1/2-1/2

[Event "Madrid-chT 2223"]
[Site "Madrid"]
[Date "2023.01.22"]
[Round "6.3"]
[White "Medina Diaz, Rafael Alejandro"]
[Black "Alfaya Marcelo, Roberto"]
[Result "1-0"]
[WhiteElo "2246"]
[BlackElo "2252"]
[PlyCount "85"]
[EventDate "2022.11.20"]
[EventType "team-tourn"]
[EventRounds "14"]
[EventCountry "ESP"]
[SourceTitle "Ajedrez en Madrid"]
[Source "lmi"]
[SourceDate "2022.11.21"]
[SourceVersion "1"]
[SourceVersionDate "2023.03.23"]
[SourceQuality "1"]
[WhiteTeam "Alcala de Henares"]
[BlackTeam "San Sebastian de los Reyes"]
[WhiteTeamCountry "ESP"]
[BlackTeamCountry "ESP"]

1. e4 e5 2. Nf3 Nc6 3. Bb5 a6 4. Ba4 Nf6 5. O-O Be7 6. Re1 b5 7. Bb3 d6 8. c3
O-O 9. h3 Nb8 10. d4 Nbd7 11. Nbd2 Bb7 12. a4 c5 13. d5 c4 14. Bc2 Nc5 15. Nf1
Nfd7 16. Ng3 g6 17. Be3 Qc7 18. Ra3 Nb6 19. Bxc5 Qxc5 20. Qd2 Kg7 21. h4 Nxa4
22. Bxa4 bxa4 23. Rxa4 a5 24. h5 Ba6 25. Rea1 Bd8 26. Rxa5 Qc8 27. R5a4 f6 28.
Nf1 Bb6 29. Ne3 Bxe3 30. Qxe3 Qb7 31. Nd2 gxh5 32. Nxc4 Bxc4 33. Ra7 Rf7 34.
Rxa8 Qxb2 35. R8a7 h4 36. Rxf7+ Kxf7 37. Ra7+ Kg6 38. Qf3 Qc1+ 39. Kh2 Qg5 40.
Rd7 Ba6 41. Rxd6 Bc8 42. Rd8 Bg4 43. Qxg4 1-0

[Event "Madrid-chT 2223"]
[Site "Madrid"]
[Date "2023.01.22"]
[Round "6.4"]
[White "Quevedo Marin, Manuel"]
[Black "Moreno Ibañez, Miguel"]
[Result "1-0"]
[WhiteElo "2165"]
[BlackElo "2242"]
[PlyCount "87"]
[EventDate "2022.11.20"]
[EventType "team-tourn"]
[EventRounds "14"]
[EventCountry "ESP"]
[SourceTitle "Ajedrez en Madrid"]
[Source "lmi"]
[SourceDate "2022.11.21"]
[SourceVersion "1"]
[SourceVersionDate "2023.03.23"]
[SourceQuality "1"]
[WhiteTeam "San Sebastian de los Reyes"]
[BlackTeam "Alcala de Henares"]
[WhiteTeamCountry "ESP"]
[BlackTeamCountry "ESP"]

1. d4 Nf6 2. c4 g6 3. Nc3 Bg7 4. e4 d6 5. h3 O-O 6. Be3 Na6 7. Bd3 e5 8. d5 Nh5
9. g3 Qe8 10. Be2 Nf6 11. g4 Nd7 12. g5 f5 13. f3 Ndc5 14. a3 fxe4 15. fxe4 Rf4
16. Qc2 Bd7 17. b4 Na4 18. Nb5 Qe7 19. O-O-O Qxg5 20. Qxa4 Qg2 21. Bxf4 exf4
22. Qc2 c5 23. Bg4 Qxc2+ 24. Kxc2 Bxg4 25. hxg4 cxb4 26. Nf3 bxa3 27. Nxa3 Nc5
28. Rhe1 a6 29. e5 b5 30. cxb5 axb5 31. Nxb5 dxe5 32. Rxe5 Bxe5 33. Nxe5 Ra2+
34. Kb1 Re2 35. Nd3 Nb3 36. Nxf4 Re4 37. Nd3 Kf8 38. d6 Ke8 39. d7+ Kd8 40. Ka2
Nd4 41. Nc5 Re2+ 42. Kb1 Ne6 43. Nb7+ Ke7 44. Nd4 1-0

[Event "Madrid-chT 2223"]
[Site "Madrid"]
[Date "2023.01.22"]
[Round "6.5"]
[White "Yañez Rodriguez, Wilbert"]
[Black "Martinez Fernandez, Raul"]
[Result "1/2-1/2"]
[WhiteElo "2103"]
[BlackElo "2206"]
[PlyCount "82"]
[EventDate "2022.11.20"]
[EventType "team-tourn"]
[EventRounds "14"]
[EventCountry "ESP"]
[SourceTitle "Ajedrez en Madrid"]
[Source "lmi"]
[SourceDate "2022.11.21"]
[SourceVersion "1"]
[SourceVersionDate "2023.03.23"]
[SourceQuality "1"]
[WhiteTeam "Alcala de Henares"]
[BlackTeam "San Sebastian de los Reyes"]
[WhiteTeamCountry "ESP"]
[BlackTeamCountry "ESP"]

1. Nf3 d5 2. g3 Nf6 3. Bg2 e6 4. O-O Be7 5. c4 O-O 6. b3 d4 7. e3 c5 8. exd4
cxd4 9. Re1 Nc6 10. d3 Re8 11. Bb2 Bc5 12. a3 a5 13. Ne5 Nxe5 14. Rxe5 Nd7 15.
Re1 e5 16. Nd2 Ra6 17. Qc2 Rae6 18. Bc1 h6 19. Ne4 b6 20. Nxc5 bxc5 21. Bd2 Qb6
22. Rab1 Bb7 23. Bxa5 Qxa5 24. Bxb7 Qxa3 25. Bd5 Rb6 26. f4 Kf8 27. fxe5 Nxe5
28. Rf1 f6 29. h3 Qa7 30. Ra1 Qc7 31. Kg2 Reb8 32. Ra3 Nc6 33. Qe2 Ne7 34. Be4
Rxb3 35. Rxb3 Rxb3 36. Ra1 Rb8 37. Qf3 Qe5 38. Rf1 Rb6 39. Rf2 g5 40. g4 Kf7
41. Re2 Qc7 1/2-1/2

[Event "Madrid-chT 2223"]
[Site "Madrid"]
[Date "2023.01.22"]
[Round "6.6"]
[White "Hernandez Ramos, David"]
[Black "Candela Martin, Alvaro"]
[Result "1-0"]
[WhiteElo "2093"]
[BlackElo "1932"]
[PlyCount "111"]
[EventDate "2022.11.20"]
[EventType "team-tourn"]
[EventRounds "14"]
[EventCountry "ESP"]
[SourceTitle "Ajedrez en Madrid"]
[Source "lmi"]
[SourceDate "2022.11.21"]
[SourceVersion "1"]
[SourceVersionDate "2023.03.23"]
[SourceQuality "1"]
[WhiteTeam "San Sebastian de los Reyes"]
[BlackTeam "Alcala de Henares"]
[WhiteTeamCountry "ESP"]
[BlackTeamCountry "ESP"]

1. d4 d5 2. c4 e6 3. Nc3 c6 4. e4 dxe4 5. Nxe4 Bb4+ 6. Bd2 Qxd4 7. Bxb4 Qxe4+
8. Be2 Na6 9. Ba5 b6 10. Qd6 Bd7 11. Bc3 f6 12. O-O-O O-O-O 13. Qa3 Kb7 14. Bf3
Qf4+ 15. Rd2 Qc7 16. Ne2 Nh6 17. Nd4 Nf7 18. Nb5 Qc8 19. Qe7 Rhf8 20. Rhd1 Nb8
21. Nd4 Ne5 22. Be2 Rf7 23. Qa3 Re8 24. f4 Ng6 25. Bf3 a6 26. Qb3 Ka7 27. Bh5
e5 28. fxe5 Rxe5 29. Bxg6 hxg6 30. c5 Be6 31. Nxe6 Rxe6 32. Rd8 Qc7 33. cxb6+
Qxb6 34. Qxe6 Rb7 35. Bd4 c5 36. Qxb6+ Kxb6 37. Bc3 Kb5 38. b3 a5 39. R1d5 Na6
40. a4+ Kb6 41. R5d6+ Ka7 42. R8d7 Nc7 43. Bxa5 Ne8 44. Rxb7+ Kxb7 45. Rd8 Ka6
46. Rxe8 Kxa5 47. Rg8 Kb4 48. Rxg7 Ka3 49. Rxg6 Ka2 50. Rxf6 c4 51. bxc4 Kb3
52. c5 Ka3 53. c6 Ka2 54. c7 Ka1 55. a5 Ka2 56. Rb6 1-0

[Event "Madrid-chT 2223"]
[Site "Madrid"]
[Date "2023.01.22"]
[Round "6.1"]
[White "Plazuelo Pascual, Juan"]
[Black "Hidalgo Duque, Carlos"]
[Result "1-0"]
[WhiteElo "2456"]
[BlackElo "2240"]
[PlyCount "45"]
[EventDate "2022.11.20"]
[EventType "team-tourn"]
[EventRounds "14"]
[EventCountry "ESP"]
[SourceTitle "Ajedrez en Madrid"]
[Source "lmi"]
[SourceDate "2022.11.21"]
[SourceVersion "1"]
[SourceVersionDate "2023.03.23"]
[SourceQuality "1"]
[WhiteTeam "Alcorcon Diagonal"]
[BlackTeam "Blanco y Negro"]
[WhiteTeamCountry "ESP"]
[BlackTeamCountry "ESP"]

1. e4 c5 2. Nf3 d6 3. d4 cxd4 4. Nxd4 Nf6 5. Nc3 a6 6. h4 e5 7. Nb3 Be6 8. f4
exf4 9. Bxf4 Nc6 10. Qd2 Qc7 11. O-O-O Ne5 12. Nd4 Be7 13. Be2 O-O 14. g4 Rfd8
15. g5 Nfd7 16. Qe3 b5 17. Nd5 Bxd5 18. exd5 Bf8 19. h5 Nb6 20. Qb3 Qc5 21. g6
fxg6 22. Ne6 Qf2 23. Rh2 1-0

[Event "Madrid-chT 2223"]
[Site "Madrid"]
[Date "2023.01.22"]
[Round "6.2"]
[White "Alarcia Astiz, Carlos"]
[Black "Neagu, Roberto Florin"]
[Result "1-0"]
[WhiteElo "2247"]
[BlackElo "2307"]
[PlyCount "133"]
[EventDate "2022.11.20"]
[EventType "team-tourn"]
[EventRounds "14"]
[EventCountry "ESP"]
[SourceTitle "Ajedrez en Madrid"]
[Source "lmi"]
[SourceDate "2022.11.21"]
[SourceVersion "1"]
[SourceVersionDate "2023.03.23"]
[SourceQuality "1"]
[WhiteTeam "Blanco y Negro"]
[BlackTeam "Alcorcon Diagonal"]
[WhiteTeamCountry "ESP"]
[BlackTeamCountry "ESP"]

1. e4 c5 2. Nf3 Nc6 3. d4 cxd4 4. Nxd4 g6 5. f4 Bg7 6. Nf3 d6 7. Bd3 Nf6 8. Nc3
Qb6 9. Qe2 O-O 10. Rb1 Ng4 11. Nd5 Qa5+ 12. Bd2 Qxa2 13. O-O Nd4 14. Qe1 e6 15.
Ne7+ Kh8 16. Bc3 e5 17. b3 Nxc2 18. Qd2 exf4 19. Bxc2 Ne3 20. Rfc1 Qa6 21.
Bxg7+ Kxg7 22. Qd4+ f6 23. Bd3 Qa2 24. Rb2 Qa3 25. Nd5 Nxd5 26. exd5 Qa5 27. b4
Qb6 28. Rbc2 Bg4 29. Rc7+ Kh6 30. Qxb6 axb6 31. Rxb7 Bxf3 32. gxf3 Ra3 33. Be2
Re8 34. Rc2 Re5 35. Rd2 Ra1+ 36. Kf2 Rh1 37. Kg2 Rb1 38. Rxb6 Rg5+ 39. Kf2 Rh1
40. Bf1 Rxh2+ 41. Ke1 Re5+ 42. Re2 Rhxe2+ 43. Bxe2 Rxd5 44. Rb8 Rd4 45. b5 Rb4
46. b6 Rb1+ 47. Kd2 Rb2+ 48. Kd1 Kh5 49. b7 Rb6 50. Bc4 d5 51. Bxd5 Rd6 52. Ke2
Rxd5 53. Rc8 Rb5 54. b8=Q Rxb8 55. Rxb8 Kh4 56. Kf2 h5 57. Kg2 Kg5 58. Rb5+ Kh6
59. Rb4 g5 60. Kf2 Kg6 61. Ke2 h4 62. Rb6 Kf5 63. Kd3 h3 64. Ke2 Kg6 65. Kf2
Kg7 66. Kg1 f5 67. Kh2 1-0

[Event "Madrid-chT 2223"]
[Site "Madrid"]
[Date "2023.01.22"]
[Round "6.3"]
[White "Lozano Ramirez, Nestor Favian"]
[Black "Lang, Zalan Andreas"]
[Result "1/2-1/2"]
[WhiteElo "2239"]
[BlackElo "2217"]
[PlyCount "157"]
[EventDate "2022.11.20"]
[EventType "team-tourn"]
[EventRounds "14"]
[EventCountry "ESP"]
[SourceTitle "Ajedrez en Madrid"]
[Source "lmi"]
[SourceDate "2022.11.21"]
[SourceVersion "1"]
[SourceVersionDate "2023.03.23"]
[SourceQuality "1"]
[WhiteTeam "Alcorcon Diagonal"]
[BlackTeam "Blanco y Negro"]
[WhiteTeamCountry "ESP"]
[BlackTeamCountry "ESP"]

1. c4 c5 2. g3 Nf6 3. Bg2 d5 4. cxd5 Nxd5 5. Nc3 Nc7 6. Nf3 Nc6 7. O-O e5 8. a3
f6 9. e3 Be7 10. d4 exd4 11. exd4 cxd4 12. Ne2 Ne6 13. b4 O-O 14. Bb2 d3 15.
Nc1 Qb6 16. Nxd3 Ng5 17. Nf4 Bg4 18. Qb3+ Kh8 19. Nxg5 fxg5 20. Nd5 Qd8 21. b5
Na5 22. Qa4 Be6 23. Nxe7 Nc4 24. Bc3 Qxe7 25. Bb4 Qf6 26. Bxf8 Rxf8 27. Qxa7
Nd2 28. Rfe1 Bg4 29. Ra2 Nf3+ 30. Bxf3 Bxf3 31. Rd2 Qf5 32. Qe3 h6 33. Qe6 Qxb5
34. Qe5 Qa4 35. Qe7 Rg8 36. h3 Qa5 37. Qb4 Qf5 38. g4 Qc8 39. Rd3 Bc6 40. Rd6
Qf8 41. Qd4 Kh7 42. Qd3+ Kh8 43. Ree6 Qf4 44. Qe3 Qc4 45. Re7 Kh7 46. Qd3+ Qxd3
47. Rxd3 Rf8 48. Ree3 Rf4 49. Rb3 Rc4 50. Rbc3 Rd4 51. Red3 Re4 52. Re3 Rd4 53.
Kf1 Rd2 54. Ke1 Ra2 55. Re7 Ra1+ 56. Kd2 Rh1 57. Ree3 Rf1 58. Rxc6 bxc6 59. Rf3
g6 60. a4 Ra1 61. Rf7+ Kg8 62. Ra7 Ra3 63. Ra6 Kf7 64. Rxc6 Rxa4 65. Rc3 h5 66.
Rc7+ Kf6 67. Rc6+ Kg7 68. Ke2 Ra3 69. f3 Ra2+ 70. Kf1 Rh2 71. Kg1 Rxh3 72. Kg2
Rh4 73. Rc4 Kf6 74. Ra4 hxg4 75. fxg4 Ke5 76. Kg3 Rh8 77. Ra5+ Kf6 78. Ra6+ Kg7
79. Ra7+ 1/2-1/2

[Event "Madrid-chT 2223"]
[Site "Madrid"]
[Date "2023.01.22"]
[Round "6.4"]
[White "Renteria Becerra, Jorge Elicer"]
[Black "Cubas Cabrera, Angel Luis"]
[Result "1/2-1/2"]
[WhiteElo "2209"]
[BlackElo "2199"]
[PlyCount "179"]
[EventDate "2022.11.20"]
[EventType "team-tourn"]
[EventRounds "14"]
[EventCountry "ESP"]
[SourceTitle "Ajedrez en Madrid"]
[Source "lmi"]
[SourceDate "2022.11.21"]
[SourceVersion "1"]
[SourceVersionDate "2023.03.23"]
[SourceQuality "1"]
[WhiteTeam "Blanco y Negro"]
[BlackTeam "Alcorcon Diagonal"]
[WhiteTeamCountry "ESP"]
[BlackTeamCountry "ESP"]

1. e4 e5 2. Nf3 Nc6 3. d4 exd4 4. Nxd4 Bb4+ 5. Nc3 Nf6 6. Nxc6 bxc6 7. Bd3 d5
8. exd5 Qe7+ 9. Qe2 Qxe2+ 10. Kxe2 cxd5 11. Nb5 Kd8 12. Bf4 Re8+ 13. Kd1 Ba5
14. Bg5 Bd7 15. Bxf6+ gxf6 16. Rb1 Bb6 17. f3 Rg8 18. g4 f5 19. h3 h5 20. gxh5
Rh8 21. c4 dxc4 22. Bxc4 Bc6 23. Be2 Rxh5 24. Kc2 f4 25. Rbd1+ Ke7 26. Nd4 Ba4+
27. b3 Bd7 28. Bc4 Rg8 29. Rhe1+ Kf8 30. Re4 Rh4 31. Kc3 Rg3 32. Rd3 Rgxh3 33.
Re5 Rh5 34. Rxh5 Rxh5 35. Ne2 Bf5 36. Nxf4 Rh4 37. Ng2 Rh3 38. Nf4 Rg3 39. Ne2
Rg2 40. Rd5 Be6 41. Re5 Bxc4 42. Kxc4 Rf2 43. f4 f6 44. Re4 Kf7 45. b4 Kg6 46.
a4 Kf5 47. Re8 a5 48. bxa5 Bxa5 49. Kb5 Bd2 50. a5 Bxa5 51. Kxa5 Kg4 52. Kb5
Kf3 53. Nc1 Rb2+ 54. Ka4 Rd2 55. Kb3 Kxf4 56. Kc3 Rd6 57. Nd3+ Kg4 58. Kd2 f5
59. Ke3 Kg5 60. Nf4 Kf6 61. Rf8+ Kg5 62. Kf3 Ra6 63. Rg8+ Kh6 64. Nd5 Rg6 65.
Rc8 Kg5 66. Rxc7 Rh6 67. Rg7+ Rg6 68. Rh7 Rh6 69. Ra7 Rh3+ 70. Kf2 Rd3 71. Ra5
Rd2+ 72. Kf3 Rd3+ 73. Ne3 Kg6 74. Ra8 Rb3 75. Rg8+ Kf6 76. Rf8+ Ke6 77. Kf4 Rb1
78. Rxf5 Rb4+ 79. Kf3 Rb1 80. Ra5 Kd6 81. Nc4+ Ke6 82. Ke4 Re1+ 83. Ne3 Kd6 84.
Kd4 Rh1 85. Ra6+ Ke7 86. Ke5 Re1 87. Kd4 Rh1 88. Nc4 Rh4+ 89. Kd5 Kf7 90. Ke5
1/2-1/2

[Event "Madrid-chT 2223"]
[Site "Madrid"]
[Date "2023.01.22"]
[Round "6.5"]
[White "Horcajuelo Rocamora, Martin"]
[Black "Rodriguez Melendez, Juan Humbert"]
[Result "1-0"]
[WhiteElo "2143"]
[BlackElo "2146"]
[PlyCount "95"]
[EventDate "2022.11.20"]
[EventType "team-tourn"]
[EventRounds "14"]
[EventCountry "ESP"]
[SourceTitle "Ajedrez en Madrid"]
[Source "lmi"]
[SourceDate "2022.11.21"]
[SourceVersion "1"]
[SourceVersionDate "2023.03.23"]
[SourceQuality "1"]
[WhiteTeam "Alcorcon Diagonal"]
[BlackTeam "Blanco y Negro"]
[WhiteTeamCountry "ESP"]
[BlackTeamCountry "ESP"]

1. e4 c5 2. Nc3 e6 3. d4 cxd4 4. Qxd4 Nc6 5. Qe3 Nf6 6. Nf3 d5 7. exd5 Nxd5 8.
Nxd5 Qxd5 9. Bd3 Bc5 10. Qf4 Bb4+ 11. Ke2 O-O 12. Rd1 Qh5 13. g4 e5 14. gxh5
exf4 15. Rg1 Re8+ 16. Kd1 Bc5 17. Bxf4 Bxf2 18. Rg2 Be3 19. Bxe3 Rxe3 20. Ng5
Bh3 21. Rf2 Ne5 22. Kd2 Nxd3 23. cxd3 Rae8 24. Ne4 R8xe4 25. dxe4 Rxe4 26. Rc1
Rb4 27. Ke3 h6 28. a3 Rb5 29. Kd4 Rxh5 30. Rc7 Be6 31. Rxb7 Ra5 32. Rc2 g5 33.
Rc5 Ra4+ 34. Rb4 Ra6 35. a4 Kg7 36. a5 Kf6 37. Rb7 h5 38. b4 h4 39. Ke3 Bg4 40.
Rbc7 Re6+ 41. Kd4 Re2 42. Rc2 a6 43. b5 axb5 44. Rxe2 Bxe2 45. Ke3 Bf1 46. Rc2
Ke5 47. a6 h3 48. a7 1-0

[Event "Madrid-chT 2223"]
[Site "Madrid"]
[Date "2023.01.22"]
[Round "6.6"]
[White "Cubillo Muñoz, Miguel"]
[Black "Rey Martinez, Jaime"]
[Result "1/2-1/2"]
[WhiteElo "2151"]
[BlackElo "2181"]
[PlyCount "45"]
[EventDate "2022.11.20"]
[EventType "team-tourn"]
[EventRounds "14"]
[EventCountry "ESP"]
[SourceTitle "Ajedrez en Madrid"]
[Source "lmi"]
[SourceDate "2022.11.21"]
[SourceVersion "1"]
[SourceVersionDate "2023.03.23"]
[SourceQuality "1"]
[WhiteTeam "Blanco y Negro"]
[BlackTeam "Alcorcon Diagonal"]
[WhiteTeamCountry "ESP"]
[BlackTeamCountry "ESP"]

1. e4 c5 2. Nf3 Nc6 3. d4 cxd4 4. Nxd4 g6 5. Be3 Nf6 6. Nc3 Bg7 7. Bc4 O-O 8.
Bb3 a5 9. O-O a4 10. Nxa4 Nxe4 11. Nb5 d5 12. Bb6 Qd7 13. Nc7 Rxa4 14. Bxa4
Bxb2 15. Qxd5 Bxa1 16. Rxa1 Nc3 17. Qxd7 Bxd7 18. Bb3 Bf5 19. Re1 Rd8 20. f3 g5
21. Re3 Rd1+ 22. Kf2 Rd2+ 23. Ke1 1/2-1/2

[Event "Madrid-chT 2223"]
[Site "Madrid"]
[Date "2023.01.22"]
[Round "6.2"]
[White "Fernandez de Bobadilla, Gabriel"]
[Black "Pulvett Marin, Daniel Eduardo"]
[Result "1/2-1/2"]
[WhiteElo "2155"]
[BlackElo "2509"]
[PlyCount "51"]
[EventDate "2022.11.20"]
[EventType "team-tourn"]
[EventRounds "14"]
[EventCountry "ESP"]
[SourceTitle "Ajedrez en Madrid"]
[Source "lmi"]
[SourceDate "2022.11.21"]
[SourceVersion "1"]
[SourceVersionDate "2023.03.23"]
[SourceQuality "1"]
[WhiteTeam "Virgen de Atocha"]
[BlackTeam "Collado Villalba"]
[WhiteTeamCountry "ESP"]
[BlackTeamCountry "ESP"]

1. d4 Nf6 2. c4 g6 3. Nc3 Bg7 4. e4 d6 5. h3 O-O 6. Be3 Na6 7. Nf3 e5 8. d5 Nh5
9. Nd2 Qe8 10. Qc2 f5 11. f3 Ng3 12. Rg1 Qe7 13. O-O-O Qh4 14. Kb1 f4 15. Bf2
Qe7 16. Nb3 b6 17. Nc1 Nb4 18. Qd2 Nxf1 19. Rgxf1 a5 20. Nd3 Na6 21. Rc1 g5 22.
Rh1 h5 23. Rcg1 h4 24. Qd1 Bd7 25. a4 Rab8 26. b3 1/2-1/2

[Event "Madrid-chT 2223"]
[Site "Madrid"]
[Date "2023.01.22"]
[Round "6.3"]
[White "Lianes Garcia, Marcos"]
[Black "Horcajada Reales, Guillermo"]
[Result "1-0"]
[WhiteElo "2409"]
[BlackElo "2084"]
[PlyCount "65"]
[EventDate "2022.11.20"]
[EventType "team-tourn"]
[EventRounds "14"]
[EventCountry "ESP"]
[SourceTitle "Ajedrez en Madrid"]
[Source "lmi"]
[SourceDate "2022.11.21"]
[SourceVersion "1"]
[SourceVersionDate "2023.03.23"]
[SourceQuality "1"]
[WhiteTeam "Collado Villalba"]
[BlackTeam "Virgen de Atocha"]
[WhiteTeamCountry "ESP"]
[BlackTeamCountry "ESP"]

1. e4 Nf6 2. e5 Nd5 3. d4 d6 4. c4 Nb6 5. exd6 cxd6 6. Nc3 g6 7. Be3 Bg7 8. Rc1
O-O 9. b3 e5 10. d5 f5 11. f3 N8d7 12. Bd3 Nc5 13. Bb1 e4 14. f4 Re8 15. Nge2
Qh4+ 16. g3 Qh3 17. Kf2 Nbd7 18. Ng1 Qh6 19. h3 Nd3+ 20. Bxd3 exd3 21. Qxd3 Nc5
22. Qc2 Rxe3 23. Kxe3 g5 24. b4 gxf4+ 25. gxf4 Na6 26. a3 Bd7 27. Nge2 Re8+ 28.
Kd2 Bd4 29. Rcf1 Be3+ 30. Kd1 b5 31. cxb5 Nc7 32. Qd3 Qf6 33. Rf3 1-0